00467 2200181 4500001002100000005001500021008004100036035002000077082000800097084001400105100001400119245007000133250000600203260003900209300001100248650001400259990001200273INLIS00000000000021120240502022941240502 0 ind  a0010-0424000187 a900 a900 Wib f aI. Wibowo1 a101 Fakta Menarik Tentang Daerah Istimewa Yogyakarta /cI. Wibowo a1 aSurabaya :bMedia Kertagama,c2011 a58 hlm 4aNon Fiksi a0732443